| 000 | 01850cam a2200385 4500 | ||
|---|---|---|---|
| 001 | ABS68461 | ||
| 008 | 041122n2004 000 0 eng u | ||
| 035 | _a(Sirsi) u128066 | ||
| 100 | _aDawson, M. | ||
| 245 | _aDevelop a good sense of right and wrong | ||
| 260 | _c2004 | ||
| 490 |
_aEstates Gazette _v(0444) 30 October 2004, 148-149(2) |
||
| 520 | _aDraws attention to the fact that the Property Misdescriptions Act 1991 applies to property developers as well as estate agents and vendors. Looks at relevant case law where developers have been found guilty of misdescription under the 1991 Act. Misdescription is a criminal offence, which could result in an unlimited fine. Examines also case law where developers have been found guilty of misrepresentation. Developers should take particular care in answering enquiries raised during the conveyancing procedure about neighbour disputes over boundaries and access as well as enquiries relating to the redevelopment of dilapidated properties. Developers must ensure that members of their staff are fully aware of these areas of the law. | ||
| 590 | _aABS | ||
| 590 | _aABS | ||
| 650 | _aACCESS TO LAND | ||
| 650 | _aMISREPRESENTATION | ||
| 650 |
_aBoundary disputes _96221 |
||
| 650 | _aPROPERTY DEVELOPERS | ||
| 650 | _aDEVELOPERS | ||
| 650 | _aPROPERTY MISDESCRIPTIONS ACT 1991 | ||
| 650 | _aPROPERTY MISDESCRIPTIONS (SPECIFIED MATTERS) ORDER 1992 | ||
| 650 | _aVENDORS | ||
| 650 | _aPURCHASERS | ||
| 650 | _aMISDESCRIPTION | ||
| 650 | _aLEWIN V BARRATT HOMES LTD | ||
| 650 | _aGEORGE WIMPEY UK LTD V BROWN | ||
| 650 | _aDART V ELY | ||
| 650 | _aMCMEEKIN AND ANOTHER V LONG AND ANOTHER | ||
| 650 | _aMORRIS V JONES | ||
| 650 | _aPANKHANIA V HACKNEY LBC | ||
| 650 | _aLANDLORD AND TENANT ACT 1954 PART II | ||
| 690 | _aPROFESSIONAL PRACTICE | ||
| 942 | _n0 | ||
| 999 |
_c118345 _d118345 |
||